00769nam a2200229Ia 450000500170000000800410001702000200005804100080007808200150008610000200010124500710012126000530019230000090024544000060025450000290026065000360028970000200032590600070034594200070035299900170035995201630037620251121182830.0230125s9999 xx 000 0 und d a976-93259-77556 aeng a158.1bSTU aStutz E9215368 aHired : How To Use Sales Techniques To Sell Yourself On Interviews c2014bVikas Publishing House Pvt. Ltd.aNoida,Up a217p v1 aPersonality Development. aPersonality Development9213420 aStutz E9215368 b27 cBK c95312d95312 00104070aHIMRbHIMRd2019-03-09ePritam Book Centreg295.00i10804l0o158.1 STU B18659pHIMR-BK-18659r2023-01-25 00:00:00v268.00w2019-03-08yBKzB18659